| 000 | 00504nam a2200181Ia 4500 | ||
|---|---|---|---|
| 999 |
_c13556 _d13556 |
||
| 003 | OSt | ||
| 005 | 20201022101450.0 | ||
| 008 | 190216s9999||||xx |||||||||||||| ||und|| | ||
| 020 | _a5050028167 | ||
| 040 | _coclc | ||
| 082 |
_a891.733 _bTUR/T |
||
| 100 |
_aTurgenev, Ivan _95741 |
||
| 245 | 0 |
_aThree Novellas About Love / _cIvan Turgenev |
|
| 260 |
_bSoviet Pub, _c1990. _aUSSR: |
||
| 300 | _a275p | ||
| 650 | _aEnglish Novel | ||
| 942 |
_cBK _2ddc _h891.733 _iTUR/T _k891.733 _mTUR/T |
||